00529cam a22002171 4500001001300000003000400013005001700017008004100034010001700075035002000092040001800112042001200130050001800142100002200160245002500182260001100207300002600218500001300244600003700257999001700294sa 67003324 DLC20260227112337.0890621s1965 ii c 000 0 urdr  asa 67003324  a(OCoLC)19907786 aDLCcWaUdDLC apremarc00aDS481.K41bP50 aPiare Lal,d1915-10aK̲h̲ān Bābā. c[1965] a62 p.bports.c18 cm. aIn Urdu.10aKhan, Abdul Ghaffar,d1890-1988. c73792d73792